Urgent issues (Record no. 67005)

MARC details
000 -LEADER
fixed length control field 01203cam a2200265 4500
001 - CONTROL NUMBER
control field ABS64064
008 - FIXED-LENGTH DATA ELEMENTS--GENERAL INFORMATION
fixed length control field 000000n2001 000 0 eng u
035 ## - SYSTEM CONTROL NUMBER
System control number (Sirsi) u112577
100 ## - MAIN ENTRY--PERSONAL NAME
Personal name Burnett, A
245 ## - TITLE STATEMENT
Title Urgent issues
260 ## - PUBLICATION, DISTRIBUTION, ETC.
Date of publication, distribution, etc. 2001
490 ## - SERIES STATEMENT
Series statement Accountancy
Volume/sequential designation 127(1293) May 2001, 128-129(2)
520 ## - SUMMARY, ETC.
Summary, etc. Offers information and advice for accountants whose clients have suffered from the foot and mouth crisis. Provides details of the two slaughter compensation schemes: the main compulsory slaughter scheme and the welfare disposal scheme. Looks at other forms of payment including the additional agrimonetary compensation for beef, sheep and dairy products announced in March 2001, and relief under extra statutory concession for farmers who have experienced a sixth year of losses. Worked examples of compensation payments.
590 ## - LOCAL NOTE (RLIN)
Local note ABS
650 ## - SUBJECT ADDED ENTRY--TOPICAL TERM
Topical term or geographic name entry element FOOT-AND-MOUTH DISEASE
650 ## - SUBJECT ADDED ENTRY--TOPICAL TERM
Topical term or geographic name entry element COMPENSATION
650 ## - SUBJECT ADDED ENTRY--TOPICAL TERM
Topical term or geographic name entry element TAX ISSUES
650 ## - SUBJECT ADDED ENTRY--TOPICAL TERM
Topical term or geographic name entry element ACCOUNTANTS
650 ## - SUBJECT ADDED ENTRY--TOPICAL TERM
Topical term or geographic name entry element SLAUGHTER SCHEMES
650 ## - SUBJECT ADDED ENTRY--TOPICAL TERM
Topical term or geographic name entry element FARMERS
650 ## - SUBJECT ADDED ENTRY--TOPICAL TERM
Topical term or geographic name entry element RURAL BUSINESSES
650 ## - SUBJECT ADDED ENTRY--TOPICAL TERM
Topical term or geographic name entry element PROPERTY-RURAL AND NATURAL ASSETS-AGRICULTURAL PROPERTY-LIVESTOCK
690 ## - LOCAL SUBJECT ADDED ENTRY--TOPICAL TERM (OCLC, RLIN)
Topical term or geographic name as entry element Rural
9 (RLIN) 6268
942 ## - ADDED ENTRY ELEMENTS (KOHA)
Suppress in OPAC 0
Holdings
Withdrawn status Lost status Source of classification or shelving scheme Damaged status Not for loan Home library Current library Shelving location Date acquired Total Checkouts Full call number Barcode Date last seen Copy number Price effective from Koha item type
    Dewey Decimal Classification     London London Journal article 15/05/2001   ABS64064 112577-1001 06/08/2019 1 06/08/2019 Journal article